Statistics for Historical Rulers

Click here to take the quiz!

General Stats

  • This quiz has been taken 59,471 times
  • The average score is 15 of 22

Answer Stats

Ruler Nation % Correct
Julius CaesarRome
99%
NapoleonFrance
97%
Queen Elizabeth IEngland
97%
TutankhamunEgypt
92%
Kaiser Wilhelm IIGermany
91%
HirohitoJapan
90%
Ferdinand & IsabellaSpain
89%
Genghis KhanMongol Empire
87%
Catherine the GreatRussia
84%
Franz Joseph IAustria
72%
LeonidasSparta
67%
Moctezuma IIAztec Empire
64%
SolomonIsrael
62%
Cyrus the GreatPersia
57%
Robert the BruceScotland
57%
Mehmed IIOttoman Empire
54%
Nebuchadnezzar IIBabylon
49%
Cosimo de' MediciFlorence
47%
Haile SelassieEthiopia
46%
AtahuallpaIncan Empire
45%
Otto the GreatHoly Roman Empire
26%
OdysseusIthaca
20%

Score Distribution

Percentile by Number Answered

Percent of People with Each Score

Your Score History

You have not taken this quiz